| 000 | 01668nam0a2200409 4500 | ||
|---|---|---|---|
| 001 | RU\NLR\bibl\1330565 | ||
| 005 | 20250615163656.0 | ||
| 010 | _a978-5-397-00076-5 | ||
| 021 |
_aRU _b2008-101945 _95998 |
||
| 035 | _a(nilc)EL/0000244158 | ||
| 035 | _aVIL\RUSMED\0000148364 | ||
| 035 | _a(NLR Aleph) 001315801 | ||
| 090 |
_a708307 _c708307 |
||
| 100 | _a20081219d2009 |||y0rusy50 ca | ||
| 101 | 0 | _arus | |
| 102 | _aRU | ||
| 105 | _aa ||||||||| | ||
| 200 | 1 |
_aЖенская аноргазмия _eкак преодолеть половую холодность _fЕ. А. Кащенко |
|
| 210 |
_aМосква _cURSS _cЛИБРОКОМ _d2009 [т.е. 2008] |
||
| 215 |
_a214 с. _d22 |
||
| 300 | _aНа 4-й с. обл. авт.: Е.А. Кащенко - проф. психотерапии, мед. психологии и сексологии, д.социол.н., д.чл. Акад. воен. наук | ||
| 300 | _aКн. фактически изд. в 2008 г. | ||
| 320 | _aБиблиогр.: с. 208-211 (75 назв.) | ||
| 606 | 1 |
_aАноргазмия женщин _xТерапия _92543785 _3RU\NLR\auth\661505740 |
|
| 606 | 1 |
_aЖенщины _xСексуальность _xПсихоанализ _92139429 _3RU\NLR\auth\661289665 |
|
| 686 |
_a76.29.48 _2rugasnti |
||
| 686 |
_aF03.800.800 - терапия _2MeSH |
||
| 686 | _aР705.19-5 | ||
| 686 | _aЮ937.3-953.6 | ||
| 700 | 1 |
_aКащенко _bЕ. А. _gЕвгений Августович _4070 |
|
| 801 | 0 |
_aRU _bЦНМБ _c20081219 _gPSBO |
|
| 801 | 1 |
_aRU _bЦНМБ _c20081219 |
|
| 801 | 2 |
_aRU _bNLR _c20090217 _grcr |
|
| 942 | _cBOOK | ||
| 980 | _aNB | ||
| 980 | _aSUPPRESS | ||